书目信息 |
| 题名: |
环境行为学
|
|
| 作者: | 陆伟, 主编 | |
| 分册: | ||
| 出版信息: | 北京 中国建筑工业出版社 2022.01 |
|
| 页数: | 177页 | |
| 开本: | 26cm | |
| 丛书名: | A+U高等学校建筑学与城乡规划专业教材 | |
| 单 册: | ||
| 中图分类: | TU-856 | |
| 科图分类: | ||
| 主题词: | 城市环境--cheng shi huan jing--行为科学--高等学校--教材 | |
| 电子资源: | ||
| ISBN: | 978-7-112-26693-7 | |
| 000 | 01479nam 2200289 450 | |
| 001 | 26752 | |
| 005 | 20220920155240.85 | |
| 010 | @a978-7-112-26693-7@dCNY39.00 | |
| 100 | @a20220415d2022 em y0chiy50 ea | |
| 101 | 0 | @achi |
| 102 | @aCN@b110000 | |
| 105 | @aa a 000yy | |
| 200 | 1 | @a环境行为学@Ahuan jing xing wei xue@d= Architecture and urban@f陆伟主编@zeng |
| 210 | @a北京@c中国建筑工业出版社@d2022.01 | |
| 215 | @a177页@c图@d26cm | |
| 225 | 2 | @aA+U高等学校建筑学与城乡规划专业教材@AA+U gao deng xue xiao jian zhu xue yu cheng xiang gui hua zhuan ye jiao cai |
| 314 | @a陆伟, 1959年出生。1982年哈尔滨工业大学建筑学专业毕业, 1985年获硕士学位, 大连理工大学建筑系任教至今。1988年获教育部首届霍英东青年教师奖。1990一1992年东京大学留学, 1994年创设大连理工大学环境设计研究所。 | |
| 320 | @a有书目 (第172-177页) | |
| 330 | @a本书共7章, 由导论、环境行为学的理论、环境知觉与空间认知、步行行为与环境、私密性、个人空间和领域、使用后评价、研究方法构成。本书系统地介绍了环境行为学的发展历程、基本理论、相关概念及其研究方法, 并通过国内外丰富的研究专题和大量的研究案例进行梳理和解析, 便于读者融会贯通。 | |
| 333 | @a住房城乡建设部土建类学科专业“十三五”规划教材 | |
| 410 | 0 | @12001 @aA+U高等学校建筑学与城乡规划专业教材 |
| 510 | 1 | @aArchitecture and urban@zeng |
| 606 | 0 | @a城市环境@Acheng shi huan jing@x行为科学@x高等学校@j教材 |
| 690 | @aTU-856@v5 | |
| 701 | 0 | @a陆伟,@Alu wei@f1959-@4主编 |
| 801 | 0 | @aCN@c20220910 |
| 905 | @a河南城建学院图书馆@dTU-856@eL853@f2 | |
| 环境行为学= Architecture and urban/陆伟主编.-北京:中国建筑工业出版社,2022.01 |
| 177页:图;26cm.-(A+U高等学校建筑学与城乡规划专业教材) |
| 使用对象:住房城乡建设部土建类学科专业“十三五”规划教材 |
| ISBN 978-7-112-26693-7:CNY39.00 |
| 本书共7章, 由导论、环境行为学的理论、环境知觉与空间认知、步行行为与环境、私密性、个人空间和领域、使用后评价、研究方法构成。本书系统地介绍了环境行为学的发展历程、基本理论、相关概念及其研究方法, 并通过国内外丰富的研究专题和大量的研究案例进行梳理和解析, 便于读者融会贯通。 |
| ● |
| 相关链接 |
|
|
|
正题名:环境行为学
索取号:TU-856/L853
 
预约/预借
| 序号 | 登录号 | 条形码 | 馆藏地/架位号 | 状态 | 备注 |
| 1 | 1578165 | 215781651 | 建筑库101/101建筑库 18排1列3层/ [索取号:TU-856/L853] | 在馆 | |
| 2 | 1578166 | 215781660 | 建筑库101/101建筑库 18排1列3层/ [索取号:TU-856/L853] | 在馆 |